Statistics for Города Московской области

Click here to take the quiz!

General Stats

  • This quiz has been taken 169 times
  • The average score is 19 of 74

Answer Stats

НаселениеГород% Correct
257 006Химки
78%
526 851Балашиха
76%
230 134Люберцы
67%
266 436Мытищи
67%
312 400Подольск
66%
143 182Электросталь
59%
188 850Красногорск
58%
113 140Реутов
49%
186 172Одинцово
48%
226 936Королёв
45%
99 224Сергиев Посад
44%
133 646Серпухов
41%
119 957Долгопрудный
41%
88 525Клин
40%
105 542Орехово-Зуево
39%
155 421Домодедово
37%
133 019Коломна
37%
111 738Пушкино
37%
87 039Чехов
37%
114 000Раменское
36%
102 205Ногинск
36%
48 489Солнечногорск
35%
64 307Дмитров
34%
73 163Наро-Фоминск
33%
33 365Можайск
33%
37 137Апрелевка
29%
36 085Истра
28%
103 957Видное
27%
110 507Жуковский
27%
74 193Дубна
27%
135 509Щёлково
27%
26 181Волоколамск
26%
81 968Лобня
26%
37 154Звенигород
26%
17 830Электроугли
23%
95 037Воскресенск
23%
63 820Ступино
21%
45 231Кашира
21%
71 322Егорьевск
20%
37 294Шатура
19%
44 402Краснознаменск
18%
65 142Павловский Посад
18%
59 606Фрязино
18%
15 703Руза
16%
68 758Котельники
16%
20 419Зарайск
16%
17 099Талдом
15%
13 764Яхрома
15%
23 303Кубинка
15%
29 930Электрогорск
15%
57 700Дзержинский
15%
4 937Верея
14%
83 725Ивантеевка
14%
30 652Дедовск
14%
19 027Черноголовка
13%
19 392Пущино
13%
29 845Луховицы
13%
66 079Лыткарино
12%
21 294Бронницы
12%
34 013Ликино-Дулёво
11%
26 583Красноармейск
9%
23 102Старая Купавна
9%
22 908Голицыно
8%
36 985Протвино
8%
23 966Озёры
7%
29 264Лосино-Петровский
7%
19 803Куровское
6%
21 042Рошаль
6%
13 032Высоковск
5%
20 515Хотьково
4%
14 432Краснозаводск
4%
11 571Пересвет
4%
13 571Белоозёрский
2%
12 246Дрезна
2%

Score Distribution

Percentile by Number Answered

Percent of People with Each Score

Your Score History

You have not taken this quiz